Histoire de l'art pendant la révolution (Record no. 163316)

MARC details
000 -LEADER
campo de control de longitud fija 00810nam a22001935i 4500
001 - NÚMERO DE CONTROL
campo de control 163316
003 - IDENTIFICADOR DE NÚMERO DE CONTROL
campo de control ES-MaACL
005 - FECHA Y HORA DE LA ÚLTIMA TRANSACCIÓN
campo de control 20251009144828.0
008 - DATOS DE LONGITUD FIJA--INFORMACIÓN GENERAL
campo de control de longitud fija 050718s1863 fr | |||||||| ||fre d
040 ## - FUENTE DE CATALOGACIÓN
Centro catalogador/agencia de origen CAM
Lengua de catalogación spa
Centro/agencia transcriptor CAM
100 1# - ENTRADA PRINCIPAL--NOMBRE DE PERSONA
Nombre de persona Renouvier, Jules.
9 (RLIN) 131711
245 10 - MENCIÓN DEL TÍTULO
Título Histoire de l'art pendant la révolution
Resto del título : considéré principalement les estampes /
Mención de responsabilidad, etc. ouvrage posthume de Jules Renouvier ; suivi d'une étude du méme sur J.-B. Greuze ; avec une notice biographique et une table par Anatole de Montaiglon.
260 ## - PUBLICACIÓN, DISTRIBUCIÓN, ETC.
Lugar de publicación, distribución, etc. Paris :
Nombre del editor, distribuidor, etc. Vve. Jules Renouard,
Fecha de publicación, distribución, etc. 1863 (
Fabricante Imprimerie de J. Claye)
300 ## - DESCRIPCIÓN FÍSICA
Extensión XXXI, 590 p. ;
Dimensiones 23 cm.
700 1# - ENTRADA AGREGADA--NOMBRE PERSONAL
Nombre de persona Greuze, J.-B.
9 (RLIN) 127559
700 1# - ENTRADA AGREGADA--NOMBRE PERSONAL
Nombre de persona Montaiglon, Anatole de,
Fechas asociadas al nombre 1824-1895
9 (RLIN) 130075
852 ## - LOCALIZACIÓN
Ubicación ES-MaACL
Número de control de estantería G-9784
Nota libre -- Enc. hol.
Holdings
Estatus retirado Estado de pérdida Estado de daño No para préstamo Colección Biblioteca de origen Biblioteca actual Ubicación en estantería Fecha de adquisición Fuente de adquisición Total de préstamos Signatura topográfica completa Código de barras Visto por última vez Precio de reemplazo Tipo de ítem Koha
        Libros del s. XIX Biblioteca del Ateneo de Madrid Biblioteca del Ateneo de Madrid Sala Pecera Planta 3 17/01/2008     G-9784 1171138 23/02/2023 23/02/2023 Libro impreso antiguo